Lời tự thú của một bậc thầy quảng cáo
Trình bày cách quản lý công ty quảng cáo, tìm kiếm và thu phục khách hàng, giữ chân khách hàng, cách đối xử với công ty quảng cáo, xây dựng chiến dịch quảng cáo thành công, cách viết quảng cáo thuyết phục......
محفوظ في:
| المؤلف الرئيسي: | |
|---|---|
| مؤلفون آخرون: | , |
| التنسيق: | كتاب |
| اللغة: | Vietnamese |
| منشور في: |
H.
Công thương
2020
|
| الطبعة: | Tái bản lần thứ 3 |
| الموضوعات: | |
| الوسوم: |
إضافة وسم
لا توجد وسوم, كن أول من يضع وسما على هذه التسجيلة!
|
| Thư viện lưu trữ: | Thư viện Trường Đại học Nam Cần Thơ |
|---|
| LEADER | 01907nam a22002897a 4500 | ||
|---|---|---|---|
| 001 | NCT_4_016241 | ||
| 008 | 250117b xxu||||| |||| 00| 0 vie d | ||
| 999 | |c 8775 |d 8775 | ||
| 020 | |a 9786043110432 |c 119000 | ||
| 082 | 0 | 4 | |2 23rd ed. |a 659.1 |b O463 |
| 100 | 1 | |a Ogilvy, David | |
| 245 | 1 | 0 | |a Lời tự thú của một bậc thầy quảng cáo |c David Ogilvy ; Khánh Trang, Mạnh Linh (dịch) |
| 250 | |a Tái bản lần thứ 3 | ||
| 260 | |a H. |b Công thương |c 2020 | ||
| 300 | |a 267 tr. |c 21 cm | ||
| 500 | |a Tên sách tiếng Anh: Confession of an advertising man | ||
| 520 | 3 | |a Trình bày cách quản lý công ty quảng cáo, tìm kiếm và thu phục khách hàng, giữ chân khách hàng, cách đối xử với công ty quảng cáo, xây dựng chiến dịch quảng cáo thành công, cách viết quảng cáo thuyết phục... | |
| 653 | |a Truyền thông đa phương tiện | ||
| 700 | 0 | |a Khánh Trang |e Dịch | |
| 700 | 1 | |a Mạnh Linh |e Dịch | |
| 942 | |2 ddc |c BK | ||
| 952 | |0 0 |1 0 |2 ddc |4 0 |6 659_100000000000000_O463 |7 0 |9 30154 |a 000001 |b 000001 |d 2025-01-17 |l 1 |o 659.1 O463 |p MD.23398 |r 2025-01-17 |s 2025-01-17 |v 119000.00 |w 2025-01-17 |y BK | ||
| 952 | |0 0 |1 0 |2 ddc |4 0 |6 659_100000000000000_O463 |7 0 |9 30155 |a 000001 |b 000001 |d 2025-01-17 |o 659.1 O463 |p MD.23399 |r 2025-01-17 |v 119000.00 |w 2025-01-17 |y BK | ||
| 952 | |0 0 |1 0 |2 ddc |4 0 |6 659_100000000000000_O463 |7 0 |9 30156 |a 000001 |b 000001 |d 2025-01-17 |o 659.1 O463 |p MD.23400 |r 2025-01-17 |v 119000.00 |w 2025-01-17 |y BK | ||
| 952 | |0 0 |1 0 |2 ddc |4 0 |6 659_100000000000000_O463 |7 0 |9 30157 |a 000001 |b 000001 |d 2025-01-17 |o 659.1 O463 |p MD.23401 |r 2025-01-17 |v 119000.00 |w 2025-01-17 |y BK | ||
| 952 | |0 0 |1 0 |2 ddc |4 0 |6 659_100000000000000_O463 |7 0 |9 30158 |a 000001 |b 000001 |d 2025-01-17 |o 659.1 O463 |p MD.23402 |r 2025-01-17 |v 119000.00 |w 2025-01-17 |y BK | ||
| 980 | |a Thư viện Trường Đại học Nam Cần Thơ | ||


